Программируемое устройство для опытов с перегретым зондом в импульсных режимах; Приборы и техника эксперимента; № 4

التفاصيل البيبلوغرافية
Parent link:Приборы и техника эксперимента/ Российская академия наук.— , 1956-.— 0032-8162
№ 4.— 2004.— с. 130-135
مؤلفون آخرون: Васильев С. Н., Волосников Д. В., Скрипов П. В., Старостин А. А., Шишкин А. В.
اللغة:الروسية
منشور في: 2004
سلاسل:Лабораторная техника
الموضوعات:
التنسيق: فصل الكتاب
KOHA link:https://koha.lib.tpu.ru/cgi-bin/koha/opac-detail.pl?biblionumber=427384

MARC

LEADER 00000naa2a2200000 4500
001 427384
005 20231101074636.0
035 |a (RuTPU)RU\TPU\prd\86551 
035 |a RU\TPU\prd\38595 
090 |a 427384 
100 |a 20100908a2004 k y0rusy50 ca 
101 0 |a rus 
102 |a RU 
200 1 |a Программируемое устройство для опытов с перегретым зондом в импульсных режимах  |f С. Н. Васильев, Д. В. Волосников, П. В. Скрипов и др. 
225 1 |a Лабораторная техника 
320 |a Библиогр.: 17 назв. 
461 0 |0 (RuTPU)RU\TPU\prd\300  |x 0032-8162  |t Приборы и техника эксперимента  |f Российская академия наук  |d 1956- 
463 0 |0 (RuTPU)RU\TPU\prd\86528  |t № 4  |v с. 130-135  |d 2004 
610 1 |a импульсные режимы 
610 1 |a программируемые устройства 
610 1 |a перегретые зонды 
610 1 |a опыты 
610 1 |a нагрев 
610 1 |a термостабилизация 
701 1 |a Васильев  |b С. Н. 
701 1 |a Волосников  |b Д. В. 
701 1 |a Скрипов  |b П. В. 
701 1 |a Старостин  |b А. А. 
701 1 |a Шишкин  |b А. В. 
801 1 |a RU  |b 63413507  |c 20051003  |g PSBO 
801 2 |a RU  |b 63413507  |c 20100909  |g RCR 
942 |c BK